Real Madrid Kader 2019/20 - Statistiken

Allgemein
  • Dieses Quiz wurde 501 mal gespielt
  • Das Durchschnittsergebnis liegt bei 18 aus 27
Antwortstatistiken
Position Name % Korrekt
Sturm Karim Benzema
98%
Mittelfeld Toni Kroos
95%
Mittelfeld Luka Modric
94%
Abwehr Sergio Ramos
93%
Sturm Vinicius Junior
89%
Trainer Zinedine Zidane
88%
Mittelfeld Casemiro
87%
Torwart Thibaut Courtois
87%
Abwehr Marcelo
83%
Abwehr Daniel Carvajal
81%
Sturm Rodrygo
77%
Sturm Gareth Bale
75%
Abwehr Raphael Varane
75%
Abwehr Ferland Mendy
70%
Sturm Eden Hazard
67%
Mittelfeld Federico Valverde
64%
Mittelfeld Isco
63%
Abwehr Nacho Fernandez
61%
Sturm Marco Asensio
60%
Abwehr Eder Militao
57%
Sturm Lucas Vazquez
50%
Sturm Luka Jovic
49%
Sturm Mariano Diaz
45%
Sturm Brahim Diaz
39%
Torwart Alphonse Areola
32%
Mittelfeld James Rodriguez
23%
Mittelfeld Reinier
10%
Keine übereinstimmenden Quizze gefunden
Verteilung der Resultate
Anzahl Personen mit jedem Resultat
Perzentil nach korrekt beantworteten Fragen
Ihre Resultats-Entwicklung
Sie haben dieses Quiz noch nicht gespielt